000
00277nam a22001217a 4500
008
180125b xxu||||| |||| 00| 0 eng d
041
_a
eng
080
_a
611
100
_a
7
101
_a
ANA
245
_a
Physical activity nutrition tobacco& asthma
_c
PANTA
942
_2
udc
_c
BK
999
_c
40918
_d
40918